| 000 | 00492nam a2200169 a 4500 | ||
|---|---|---|---|
| 005 | 20140310183141.0 | ||
| 008 | 020820s19uu xx 00 eng d | ||
| 020 | _a0787952036 | ||
| 050 |
_aHD 58.8 _b.Or7284 1997 |
||
| 245 |
_aThe organization of the future / _cFrances Hesselbein ( editor ). |
||
| 260 |
_aSan Francisco : _bJossey-Bass Publishers , _c1997. |
||
| 300 |
_a402 p. : _c23 cm. |
||
| 521 | _aBSBA | ||
| 650 | _aOrganizational change | ||
| 942 |
_cBK _2lcc _kFOR |
||
| 999 |
_c19418 _d19418 |
||